00655nam a2200205 a 450000500170000000800410001701000130005802000250007103500130009603700150010904000180012408200060014210000110014824500370015926000750019627000720027130000350034349000380037865000330041620090912144918.0080424s2008 nyua j 000 1 eng  aB-358072 a9788189973278c50.00 aB-358072 bDBAD / PUB adplbEnglish  aS aKaveri aAlice in wonderland /cby Kaveri aNew Delhi bMind Melodies (an imprint of Readworthy Publication)c2008 aA-18, Mohan Garden, Near Nawada Metro Station, bNew Delhi e110059 a24p.:bcol. ill. ;c25cm(pbk)  aIllustrated clasics for children  aChildren's stories, English